000 00688nam a2200217Ia 4500
005 20241129111459.0
008 241129s9999||||xx |||||||||||||| ||und||
020 _a978-1-032-66938-0
037 _aTB
040 _aCRL
_beng
_cCRL
041 _aeng
_2eng
084 _aX.1 R4
_qCRL
100 _aBeena P.L. Ed.; Kallummal Murali Ed.
_9724542
245 0 _aIndian economy and neoliberal globalization: finance, trade, industry and employment
_cBeena P.L. Ed.; Kallummal Murali Ed.
260 _aLondon, UK
_bRoutledge Taylor & Francis Group
_c2024
300 _axxi,384p.
365 _aINR
_b1595
650 _aEconomics
942 _cTB
_hX.1 R4
999 _c1230658
_d1230658